000 00868nam a22002537a 4500
003 UA-OsUOA
001 65952
007 ta
008 20091214b un ||||| |||| 00| 0 ukr d
100 _aНикорак О.
090 _a745.52(477.8)
_bН64
942 _cBK
040 _aUA-OsUOA
_bukr
_cUA-OsUOA
_dUA-OsUOA
245 _aУкраїнська народна тканина ХІХ - ХХ ст.
_bТипологія, локалізація, художні особливості
300 _a583 с.
955 _a2
041 _aukr
080 _a745.52(477.8)
020 _a966-02-3633-6
260 _aЛьвів
_b2004
_c2004
246 3 1 _a1
_nІнтер'єрні тканини (за матеріалами західних областей України)
650 7 _a745 Художні ремесла, промисли
_2UDC
999 _c351624
_d351624